000 00476cam a22001931 04500
001 46061
090 _a46061
100 _a19601201d1960 c y0pory5003 ba
101 0 _apor
102 _aPT
200 1 _aO menino gordo
_fIsabel Maria Vaz Raposo
210 9 _aLisboa
_cVerbo,
_d[D.L. 1960]
215 _a22 f.
_cil.
_d22 cm
225 2 _aCavalinho preto
314 _aIsabel Maria Vaz Raposo (Bió)
675 _a087.5
_vmed
_zpor
700 0 _aBió,
801 0 _aPT
_bBN
_gRPC
990 _cLIVROS